[Event "Wroclaw Copernicus"]
[Site "Wroclaw"]
[Date "2010.02.02"]
[Round "3.6"]
[White "Grochocinska, Urszula"]
[Black "Marko, Adam"]
[Result "1-0"]
[WhiteElo "1688"]
[BlackElo "1462"]
[PlyCount "55"]
[EventDate "2010.02.01"]
[EventType "swiss"]
[EventRounds "5"]
[EventCountry "POL"]
[SourceTitle "EXT 2023"]
[Source "ChessBase"]
[SourceDate "2022.10.05"]
[SourceVersion "1"]
[SourceVersionDate "2022.10.05"]
[SourceQuality "1"]

1. e4 c5 2. c3 d6 3. d4 cxd4 4. cxd4 Nf6 5. Nc3 a6 6. Nf3 e6 7. Bg5 Be7 8. Bd3 Nbd7 9. 0-0 h6 10. Bh4 0-0 11. e5 dxe5 12. dxe5 Nd5 13. Bxe7 Nxe7 14. Re1 b5 15. Qe2 Bb7 16. Ne4 Ng6 17. Bc2 Qc7 18. Rac1 Rac8 19. Qe3 Qb6 20. Qxb6 Nxb6 21. Nd6 Rc7 22. Bxg6 Rxc1 23. Rxc1 Bxf3 24. Bxf7+ Kh7 25. gxf3 g5 26. Bxe6 Rxf3 27. Rc7+ Kg6 28. Bf7+ 1-0